Loading...
| History - European | 0 | 6 | 0 | 1 | 60 | 45 | 92.67 | 2 | 4 | 0.00 | 0.00 |
| History - American | 0 | 6 | 2 | 0 | 50 | 43 | 78.33 | 2 | 4 | 0.00 | 0.00 |
| History - World | 0 | 4 | 0 | 1 | 40 | 47 | 90.75 | 1 | 2 | 0.00 | 0.00 |
| Mythology | 0 | 3 | 0 | 0 | 30 | 95 | 108.00 | 1 | 1 | 0.00 | 0.00 |
| Social Science | 0 | 2 | 0 | 0 | 20 | 22 | 56.50 | 1 | 2 | 0.00 | 0.00 |
| Other | 0 | 2 | 0 | 0 | 20 | 106 | 108.00 | 0 | 0 | 0.00 | 0.00 |
| History - Other | 0 | 2 | 0 | 1 | 20 | 66 | 100.50 | 0 | 1 | 0.00 | 0.00 |
| Literature - American | 0 | 1 | 0 | 0 | 10 | 118 | 118.00 | 0 | 0 | 0.00 | 0.00 |
| Fine Arts - Painting & Sculpture | 0 | 1 | 0 | 0 | 10 | 151 | 151.00 | 0 | 0 | 0.00 | 0.00 |
| Literature - British | 0 | 1 | 0 | 1 | 10 | 117 | 117.00 | 0 | 1 | 0.00 | 0.00 |
| Science - Chemistry | 0 | 1 | 0 | 0 | 10 | 99 | 99.00 | 0 | 1 | 0.00 | 0.00 |